Historia Polski - Statystyki

Ogólne statystyki
  • Ten quiz został rozwiązany 5 924 razy
  • Średni wynik to 16 z 22
Statystyki odpowiedzi
Hint Odpowiedź % Poprawnych
Chrzest Polski 966
99%
II Wojna Światowa 1939
91%
Koniec I Wojny Światowej (Niepodległość Polski) 1918
90%
Koniec II Wojny Światowej 1945
90%
Zjazd Gnieźnieński 1000
88%
I Wojna Światowa 1914
88%
Wstąpienie Polski do Unii Europejskiej 2004
86%
Powstanie Warszawskie 1944
85%
Koniec Komuny 1989
84%
Konoracja i Śmierć Bolesława Chrobrego 1025
82%
III Rozbiór Polski 1795
79%
Bitwa Warszawska 1920
79%
II Rozbiór Polski 1793
78%
Ogłoszenie Stanu Wojennego 1981
78%
I Rozbiór Polski 1772
74%
Powstanie Styczniowe 1863
64%
Powstanie Listopadowe 1830
63%
Śmierć Mieszka I 992
56%
Odsiecz Wiedeńska 1683
47%
Unia Lubelska 1569
43%
Początek Rozbicia Dzielnicowego 1138
42%
Koniec Rozbicia Dzielnicowego 1320
33%
Nie znaleziono quizów pasujących do podanych kryteriów
Rozkład punktacji
Procent ludzi z każdym wynikiem
Percentyl według liczby udzielonych odpowiedzi
Twoja historia wyników
Nie rozwiązałeś tego quizu